Where ? : (Record no. 9999)
[ view plain ]
| 000 -LEADER | |
|---|---|
| fixed length control field | 01437nam a22002897a 4500 |
| 001 - CONTROL NUMBER | |
| control field | 9999 |
| 003 - CONTROL NUMBER IDENTIFIER | |
| control field | FISKH |
| 005 - DATE AND TIME OF LATEST TRANSACTION | |
| control field | 20260325090755.0 |
| 008 - FIXED-LENGTH DATA ELEMENTS--GENERAL INFORMATION | |
| fixed length control field | 260325b cb ||||| |||| 00| 0 eng d |
| 040 ## - CATALOGING SOURCE | |
| Original cataloging agency | FISKH |
| Language of cataloging | eng |
| Transcribing agency | FISKH |
| Modifying agency | FISKH |
| 050 ## - LIBRARY OF CONGRESS CALL NUMBER | |
| Classification number | AG5 |
| 082 ## - DEWEY DECIMAL CLASSIFICATION NUMBER | |
| Classification number | 030 |
| 100 ## - MAIN ENTRY--PERSONAL NAME | |
| Personal name | Smith , Kathie Billingslea |
| 245 ## - TITLE STATEMENT | |
| Title | Where ? : |
| Remainder of title | A discovery toy question book / |
| Statement of responsibility, etc. | By Kathie Billingslea Smith : Illustrated by Robert S. Storms |
| 260 ## - PUBLICATION, DISTRIBUTION, ETC. | |
| Place of publication, distribution, etc. | California : |
| Name of publisher, distributor, etc. | Discovery Toys , |
| Date of publication, distribution, etc. | 1985. |
| 300 ## - PHYSICAL DESCRIPTION | |
| Extent | 24 unnumbered pages : |
| Other physical details | color illustrations ; |
| Dimensions | 20 cm . |
| 490 ## - SERIES STATEMENT | |
| Series statement | Question Book |
| 505 ## - FORMATTED CONTENTS NOTE | |
| Formatted contents note | J <br/> |
| 520 ## - SUMMARY, ETC. | |
| Summary, etc. | When a child is once again on the receiving end of the dreaded question "Where are you from?" their answer takes readers on an intergalactic journey through the cosmos. Traveling across space and time, past collapsing stars and nebulae, the young narrator reminds us not of our differences but of our shared humanity. Debut author Jordan Collins's poetic prose, informed by lived experience, and Phil Lesnie's stunning illustrations create a powerful story that celebrates our intricate and beautiful connections with one another. |
| 521 8# - TARGET AUDIENCE NOTE | |
| Target audience note | 500 <br/> |
| Source | Lexile estimate <br/> |
| 521 8# - TARGET AUDIENCE NOTE | |
| Target audience note | J <br/> |
| Source | Raz-Plus <br/> |
| 650 ## - SUBJECT ADDED ENTRY--TOPICAL TERM | |
| Topical term or geographic name entry element | Question and answer |
| Form subdivision | Children's non-fiction |
| 650 ## - SUBJECT ADDED ENTRY--TOPICAL TERM | |
| Topical term or geographic name entry element | Social studies |
| Form subdivision | Children's non-fiction |
| 700 ## - ADDED ENTRY--PERSONAL NAME | |
| Personal name | Storms , Robert S. |
| Relator term | Illustrator |
| 942 ## - ADDED ENTRY ELEMENTS (KOHA) | |
| Source of classification or shelving scheme | Dewey Decimal Classification |
| Koha item type | Books |
| Suppress in OPAC | No |
| Withdrawn status | Lost status | Source of classification or shelving scheme | Damaged status | Not for loan | Collection | Home library | Current library | Shelving location | Date acquired | Total Checkouts | Full call number | Barcode | Date last seen | Price effective from | Koha item type |
|---|---|---|---|---|---|---|---|---|---|---|---|---|---|---|---|
| Dewey Decimal Classification | Non-Fiction | Footprints International School Library Network Toul Tom Poung Campus | Footprints International School Library Network Toul Tom Poung Campus | TTP Primary Dark Blue Bookshelves | 03/25/2026 | SMI 030 AG5 | FISBK05902 | 03/25/2026 | 03/25/2026 | Books |
